00487nam a2200157Ia 4500008004100000040001400041082001100055100001500066245005700081260002400138365002600162366000800188505001900196630005700215730005700272100315s9999 xx 000 0 und d cENGLISH  b2273  aSherlekar  aPrinciples of Business Management with Case Problems bHIMALAYA  c1988  eRupees d1 b0.00  f0  gJaya Nikhade  aPrinciples of Business Management with Case Problems aPrinciples of Business Management with Case Problems